• 首页
  • 本馆介绍
  • 公告通知
  • 最新文献
  • 馆藏检索
  • 电子资源
  • 读者导购
  • 参考咨询
  • 我的图书馆
  • 登录
  • 详细信息显示
  • 放入我的书架
  • 预约/预借图书
  • 作者相关作品
  • 分类相关作品
  • 丛书相关作品
  • 出版社相关作品

书目信息

  • 表格格式
  • 工作单格式
  • 卡片格式
题名:
农业废弃物资源化利用和农产品质量安全
    
 
作者: 王志春 主编
分册:  
出版信息: 北京   中国农业科学技术出版社  2016
页数: 424页
开本: 26cm
丛书名:
单 册:
中图分类: X71 , F326.5
科图分类:
主题词: 农业废物--废物综合利用--研究--中国 , 农产品--质量管理--安全管理--研究--中国
电子资源:
ISBN: 978-7-5116-2501-4
000 00935nam0 2200241 450
001 3532
005 20160927091734.31
010    @a978-7-5116-2501-4@b平装@dCNY60.00
100    @a20160401d2016 em y0chiy50 ea
101 0  @achi
102    @aCN@b110000
105    @ay z 000yy
200 1  @a农业废弃物资源化利用和农产品质量安全@9nong ye fei qi wu zi yuan hua li yong he nong chan pin zhi liang an quan@f王志春主编
210    @a北京@c中国农业科学技术出版社@d2016
215    @a424页@d26cm
330    @a本书介绍了农产品质量安全基础知识、安全农产品基地建设、农产品质量安全生产中肥料的使用、农产品质量安全生产中农药的使用、诱杀与隔离技术在农产品质量安全生产中的应用等内容。
606 0  @a农业废物@x废物综合利用@x研究@y中国
606 0  @a农产品@x质量管理@x安全管理@x研究@y中国
690    @aX71@v5
690    @aF326.5@v5
701  0 @a王志春@9wang zhi chun@4主编
801  0 @aCN@b唐山师范学院图书馆@c20151001
905    @aZUCC@dX71@e200
    
    农业废弃物资源化利用和农产品质量安全/王志春主编.-北京:中国农业科学技术出版社,2016
    424页;26cm
    
    
    ISBN 978-7-5116-2501-4(平装):CNY60.00
    本书介绍了农产品质量安全基础知识、安全农产品基地建设、农产品质量安全生产中肥料的使用、农产品质量安全生产中农药的使用、诱杀与隔离技术在农产品质量安全生产中的应用等内容。
●
相关链接 在E读中查询图书 在五车中查询图书 在当当中查询图书 在豆瓣中查询图书


正题名:农业废弃物资源化利用和农产品质量安全     索取号:X71/200         预约/预借

序号 登录号 条形码 馆藏地/架位号 状态 备注
1 905742   209057429   第二样本阅览室/ [索取号:X71/200] 在馆    
2 905743   209057438   第三借阅区/ [索取号:X71/200] 在馆    
3 905744   209057447   第三借阅区/ [索取号:X71/200] 在馆    
4 905745   209057456   第三借阅区/ [索取号:X71/200] 在馆    
5 905746   209057465   密集书库-化学系/ [索取号:X71/200] 在馆    
唐山师范学院图书馆 欢迎您!
大连网信软件有限公司© 版权所有